000 01274cam a2200265 i 4500
001 200465042
003 TR-AnTOB
005 20250813153948.0
007 ta
008 120404s2005 tu o 100 0 tur d
040 _aTR-AnTOB
_beng
_erda
_cTR-AnTOB
041 0 _atur
_aeng
050 4 _aNB871.E8
_bA838 2005
090 _aNB871.E8
_bA838 2005
111 2 _aAtatürk Üniversitesi Güzel Sanatlar Fakültesi Heykel Bölümü Uluslararası Erzurum Taş Heykel
_n(1.:
_d2005:
_cErzurum)
_9149734
245 1 0 _aAtatürk Üniversitesi Güzel Sanatlar Fakültesi Heykel Bölümü uluslararası Erzurum Taş Heykel Sempozyumu :
_b10 Haziran / 10 Temmuz 2005 = Atatürk University Faculty of Fine Arts Department of Sculpture Ist International Erzurum Stone Sculpture Symposium : 10 June / 10 July 2005.
246 1 1 _aAtatürk University Faculty of Fine Arts Department of Sculpture Ist International Erzurum Stone Sculpture Symposium :
_b10 June/10 July 2005.
264 1 _aErzurum :
_bAtatürk Üniversitesi Güzel Sanatlar Fakültesi Heykel Bölümü,
_c2004.
300 _a43 pages :
_bphotographs ;
_c24 cm
336 _atext
_btxt
_2rdacontent
337 _aunmediated
_bn
_2rdamedia
338 _avolume
_bnc
_2rdacarrier
942 _2lcc
_cBK
999 _c200465042
_d83254